[Event "Novi Ligure op 1st"]
[Site "Novi Ligure"]
[Date "2006.10.13"]
[Round "1"]
[White "Isolabella, Bruno"]
[Black "Altieri, Danilo Mario"]
[Result "1-0"]
[WhiteElo "1500"]
[BlackElo "1974"]
[PlyCount "67"]
[EventDate "2006.10.13"]
[EventType "swiss"]
[EventRounds "5"]
[EventCountry "ITA"]
[SourceTitle "EXT 2007"]
[Source "ChessBase"]
[SourceDate "2006.11.23"]
[SourceVersion "1"]
[SourceVersionDate "2006.11.23"]
[SourceQuality "1"]

1. e4 d5 2. e5 Bf5 3. d4 e6 4. Nf3 Nd7 5. Bd3 Bxd3 6. Qxd3 h6 7. 0-0 a6 8. c4 Ne7 9. Bd2 dxc4 10. Qxc4 Nb6 11. Qc2 Ned5 12. a4 a5 13. Na3 Bxa3 14. Rxa3 Qd7 15. Rc1 g5 16. Ne1 Nf4 17. Bxf4 gxf4 18. Nf3 Nd5 19. Nd2 Rc8 20. Ne4 Qe7 21. Nd6+ Kd7 22. Nxc8 Rxc8 23. Qc5 Qg5 24. Rf3 Rg8 25. g3 Qg4 26. Rb3 b6 27. Qb5+ Ke7 28. Qc4 Rg5 29. Rbc3 Nxc3 30. Qxc7+ Kf8 31. Qxc3 Qh3 32. Qf3 fxg3 33. Rc8+ Ke7 34. Qf6+ 1-0